All duos and trios on dance moms - Statistics

General Stats
  • This quiz has been taken 130 times
  • The average score is 21 of 94
Answer Stats
Hint Season Duo or trio Dancers Answer % Correct
PUG 1 Trio Maddie, Chloe, Paige Pin up girls
80%
WCWBF 1 Duo Vivi - Anne, Mackenzie Why can't we be friends
66%
BS 1 Duo Maddie, Chloe Black Swan
55%
TS 4 Duo Maddie, Kalani Two Sapphires
52%
WB 4 Duo Chloe, Paige Wish Bone
52%
OLL 1 Duo Brooke, Paige Oh La La
45%
GG 6 Trio Jojo, Kendall, Maddie Golden Girls
41%
RFM 3 Duo Maddie, Mackenzie Run from mother
41%
SC 1 Duo Nia, Mackenzie Snake Charmer
41%
WIW 2 Trio Maddie, Chloe, Nia Whatever I Want
41%
SAS 3 Duo Maddie, Kendall Sugar and spice
39%
AA 6 Trio Kalani, Jojo, Kendall Abby's angels
36%
BU 4 Trio Chloe, Paige, Kendall Buckle Up
36%
DI 3 Duo Nia, Kendall Dig It
36%
GF 2 Trio Nia, Mackenzie, Paige Girl fun
36%
LD 2 Trio Maddie Chloe Paige Les Divas
36%
TGJGBK 4 Duo Maddie, Gino That girl's just gotta be kissed
36%
HNESNESNE 4 Trio Chloe, Brooke, Paige Hear no evil see no evil speak no evil
34%
BE 3 Duo Maddie, Kendall Bodies electric
32%
BB 3 Duo Chloe, Paige Broadway Blondes
32%
IOM 2 Duo Maddie, Chloe Inside of me
32%
LAE 5 Duo Mackenzie, Jojo Lucy and Ethel
32%
MYT 3 Duo Nia, Asia Move you too
32%
MD 3 Duo Chloe, Asia My doll
32%
O2 7 Duo Elliana, Lilliana Oceans 2
32%
OAO 2 Trio Maddie, Chloe, Paige Over and Over
32%
CC 2 Duo Mackenzie, Nia Circus Circus
30%
LAYW2 6 Trio Nia, Jalen, Simeon Love anyone you want 2
30%
NMATAM 2 Trio Maddie, Chloe, Kendall Nothing more annoying than a man
30%
SS 6 Duo Brynn, Yadiel Scary Sweetheart
30%
SBTM 2 Trio Maddie, Chloe, Brooke Somebody Told me
30%
C 4 Duo Chloe, Maddie Confession
27%
FF 6 Duo Jojo, Eliiana Fan Favorite
27%
GITH 2 Trio Paige, Chloe, Brooke Girls in the house
27%
G 6 Duo Nia, Kendall Grifters
27%
TWCATWF 3 Duo Nia, Paige The wild child and the wallflower
27%
EF 1 Duo Maddie, Chloe Everlasting Friends
25%
SB 1 Duo Vivi-Anne, Mackenzie Summer Boy
25%
TWIO 6 Trio Brynn, Kalani, Mackenzie The world is ours
25%
FYT 4 Duo Chloe, Kalani For You too
23%
F 4 Duo Kalani, Kendall Framed
23%
TLG 6 Duo Mackenzie, Nia The long goodbye
23%
TAO 6 Duo Brynn, Maddie Together as One
23%
WHH 3 Duo Asia, Mackenzie We hit harder
23%
SB 4 Trio Chloe, Paige, Kendall Southern Belles
20%
TBD 6 Duo Brynn, Lilliana The Bad deed
20%
TLGDTL 5 Duo Mackenzie, Nia The little girl down the lane
20%
WB 3 Trio Maddie, Chloe, Kendall We Believe
20%
NAT 5 Duo Sarah, Kalani Nancy and Tonya
18%
BB 7 Trio Brynn, Kalani, Kendall Blackbirds
16%
CA 3 Trio Nia, Chloe, Kendall Cast aways
16%
I 6 Duo Kalani, Nia Isolations
16%
ST 7 Duo Brynn, Camryn Snap that
16%
WAR 3 Duo Maddie, Chloe We're alright
16%
CA 2 Duo Maddie, Chloe Chasing answers
14%
DWTD 8 Trio GiaNina, Hannah, Savannah Dance with the devil
14%
GGTG 8 Duo Brady, Pressley Geek gets the girl
14%
JG 8 Duo GiaNina, Elliana Judge Gia
14%
MI 6 Duo Brynn, Jojo Mirror Image
14%
MBB 8 Duo Lilliana, Brady My Big Brother
14%
MSAM 7 Duo Brynn, Kendall My shadow and me
14%
PT 4 Duo Kendall, Nia Pieces together
14%
TOD 6 Duo Kendall, Brynn The Odd Couple
14%
BBS 6 Duo Kendall, Will Bag Borrow steal
11%
BW 7 Trio Lilliana, Elliana, Maesi Birds Whisper
11%
DBAOTD 6 Duo Alexus, Peyton Don't be afraid of the dark
11%
NGSU 2 Trio Paige, Nia, Mackenzie Nothins gonna stop us
11%
PS 6 Duo Kendall, Nia Pop stars
11%
RTW 4 Duo Kalani, Kendall Rule The world
11%
TI 7 Duo Elliana, Maesi The Invaders
11%
TT 7 Duo Lilliana, Elliana Twisted Two
11%
G 8 Duo Sarah, Savannah Gemini
9%
MBP 8 Duo GiaNina, Pressley Munchausen by proxy
9%
PTW 5 Duo Kendall, Jojo Play to win
9%
PP 6 Duo Sarah, Brynn Pop princesses
9%
PAP 6 Duo Kalani, Kendall Push and Pull
9%
RFT 2 Duo Mackenzie, Kendall Reservations For two
9%
RB 1 Duo Vivi-Anne, Mackenzie Runaway Barbies
9%
UMH 6 Duo Maddie, Kalani Unbreak my heart
9%
WTAS 5 Duo Maddie, Kalani Walking through a storm
9%
PTP 6 Duo Brynn, Kalani Prettier than poison
7%
WB 8 Duo Hannah, Lilliana We're breathing
7%
CTH 7 Duo Chloe, Nia Coming to Hollywood
5%
D 6 Duo Kendall, Kalani Disconnected
5%
GI 6 Duo Maddie, Kendall Girls interrupted
5%
LITD 8 Duo Lillianna,Pressley Light inside the darkness
5%
TF 8 Trio Lilliana, Pressley, Sarah The favourite
5%
YAR 7 Duo Nia, Kalani Young and restless
5%
EO 7 Duo Brynn, Kendall Each other
2%
TPT 7 Duo Kalani, Kendall Tango Para Tres
2%
TFL 7 Duo Brynn, Kendall The Finish Line
2%
UL 7 Duo Camryn, Kendall Unconditional love
2%
WAP 6 Duo Brynn, Nia War and peace
2%
IGNF 7 Duo Camryn, Kalani I got no fears
0%
No matching quizzes found
Score Distribution
Percent of People with Each Score
Percentile by Number Answered
Your Score History
You have not taken this quiz